000 00748nam a2200229 a 4500
001 000020986
005 20240530073934.0
008 100825s2001 dr a 000 0 spa d
040 _aDO-SdBNP
_bspa
_cBNPHU
082 _aRD868.44
_bO48p
100 1 _aOliva Guerrero, Luis A.
_943942
245 1 0 _aPoemas, cuentos y ensayos /
_cLuis A. Oliva Guerrero.
260 _aSanto Domingo :
_bMediabyte,
_c2001.
300 _aix, 43 p. :
_bil. ;
_c21 cm.
500 _aIncluye datos biográficos del autor en la contracubierta
500 _aIncluye notas al pie de las páginas
650 0 _aPoesía dominicana
_966
650 0 _aCuentos dominicanos
_9176
650 0 _aEnsayos dominicanos
_965
650 0 _aLiteratura dominicana.
_967
049 _aBNPD
999 _c20489
_d20489